• 首页
  • 本馆介绍
  • 公告通知
  • 最新文献
  • 馆藏检索
  • 电子资源
  • 读者荐购
  • 参考咨询
  • CALIS
  • 我的图书馆
  • 登录
  • 详细信息显示
  • 放入我的书架
  • 预约/预借图书
  • 作者相关作品
  • 分类相关作品
  • 丛书相关作品
  • 出版社相关作品

书目信息

  • 表格格式
  • 工作单格式
  • 卡片格式
题名:
房屋拆迁维权指南
    
 
作者: 崔卓兰 主编
分册:  
出版信息: 长春   吉林人民出版社  2004.1
页数: 199页
开本: 21cm
丛书名:
单 册:
中图分类: D922.181.4
科图分类:
主题词: 房屋拆迁--fang wu chai qian , 法律--fa lu^ , 房屋拆迁--fang wu chai qian--法律--基本知识--中国
电子资源:
ISBN: 7-206-04019-5
 
 
 
 
 
000 01000nam0 2200301 450
000 01029nam0 2200301 450
000 00992nam0 2200289 450
000 00975nam0 2200289 450
000 00938nam0 2200277 450
001 CAL 012006066502
005 20061030150700.65
010    @a7-206-04019-5@dCNY10.00
099    @aCAL 012006066502
100    @a20060830d2004 em y0chiy0120 ea
101 0  @achi
102    @aCN@b220000
105    @ay z 000yy
200 1  @a房屋拆迁维权指南@Afang wu chai qian wei quan zhi nan@f崔卓兰主编
210    @a长春@c吉林人民出版社@d2004.1
215    @a199页@d21cm
330    @a本书内容包括: 城市房屋拆迁基础法律知识; 城市房屋拆迁许可; 城市房屋拆迁补偿安置; 被拆迁房屋价格评估; 房屋拆迁实施等。
606 0  @a房屋拆迁@Afang wu chai qian
606 0  @a法律@Afa lu^
606 0  @a房屋拆迁@Afang wu chai qian@x法律@x基本知识@y中国
690    @aD922.181.4@v4
701  0 @a崔卓兰@Acui zhuo lan@4主编
801  0 @aCN@c20061030
905    @a10447@dD922.181.4@eC978
    
    房屋拆迁维权指南/崔卓兰主编.-长春:吉林人民出版社,2004.1
    199页;21cm
    
    
    ISBN 7-206-04019-5:CNY10.00
    本书内容包括: 城市房屋拆迁基础法律知识; 城市房屋拆迁许可; 城市房屋拆迁补偿安置; 被拆迁房屋价格评估; 房屋拆迁实施等。
●
相关链接 在E读中查询图书 在当当中查询图书 在豆瓣中查询图书


正题名:房屋拆迁维权指南     索取号:D922.181.4/C978         预约/预借

序号 登录号 条形码 馆藏地/架位号 状态 备注
1 633106   206331067   社科库509/509社科库 86排2列3层/ [索取号:D922.181.4/C978] 在馆    
2 633107   206331076   社科库509/509社科库 86排2列3层/ [索取号:D922.181.4/C978] 在馆    
3 633108   206331085   社科库509/509社科库 86排2列3层/ [索取号:D922.181.4/C978] 在馆    
河南城建学院图书馆 欢迎您!
大连网信软件有限公司© 版权所有